000 00396nam a2200169Ia 4500
008 220531s9999 xx 000 0 und d
041 _aeng
082 _bSAJ
100 _aSajnani, M.
_947618
245 _aEncyclpedia Of Tourism Vl.2
250 _a1ST
260 _bKalpaz
_c2000
542 _d07-12-2004
650 _aGeography
_947619
906 _d2004-2005
999 _c27930
_d27930